Loading...
| Literature - American | 0 | 2 | 0 | 0 | 20 | 105 | 110.50 | 0 | 0 | 0.45 | 3.85 |
| Fine Arts - Other | 0 | 2 | 0 | 1 | 20 | 74 | 84.00 | 0 | 1 | 5.17 | 5.56 |
| Science - Physics | 0 | 1 | 0 | 0 | 10 | 66 | 66.00 | 0 | 0 | 3.24 | 3.47 |
| Popular Culture | 0 | 1 | 0 | 0 | 10 | 91 | 91.00 | 0 | 0 | 2.98 | 2.38 |
| Religion | 0 | 1 | 0 | 0 | 10 | 136 | 136.00 | 0 | 0 | 0.06 | 1.92 |
| Science - Biology | 0 | 1 | 0 | 0 | 10 | 69 | 69.00 | 0 | 0 | 2.22 | 2.78 |
| Science - Other | 0 | 1 | 0 | 0 | 10 | 88 | 88.00 | 0 | 0 | 2.78 | 1.92 |
| History - Other | 0 | 1 | 0 | 0 | 10 | 45 | 45.00 | 0 | 1 | 4.62 | 6.94 |
| Literature - British | 0 | 1 | 0 | 1 | 10 | 115 | 115.00 | 0 | 0 | 0.00 | 1.39 |
| History - American | 0 | 1 | 1 | 0 | 5 | 98 | 98.00 | 0 | 0 | 0.84 | 2.78 |
| Fine Arts - Classical Music | 0 | 2 | 3 | 1 | 5 | 74 | 97.50 | 0 | 0 | 4.05 | 9.40 |
| History - World | 0 | 1 | 1 | 0 | 5 | 64 | 64.00 | 0 | 0 | 3.40 | 4.86 |
| Fine Arts - Painting and Sculpture | 0 | 0 | 1 | 0 | -5 | 0.00 | 0 | 0 | 0.00 | 0.00 |